Health and behavior : (Record no. 4962)

000 -LEADER
fixed length control field 00905cam a2200253 a 4500
003 - CONTROL NUMBER IDENTIFIER
control field ALUPE UNIVERSITY
005 - DATE AND TIME OF LATEST TRANSACTION
control field 20220331130946.0
008 - FIXED-LENGTH DATA ELEMENTS--GENERAL INFORMATION
fixed length control field 821019s1982 dcua b 001 0 eng
020 ## - INTERNATIONAL STANDARD BOOK NUMBER
International Standard Book Number 0309032792 (pbk.)
040 ## - CATALOGING SOURCE
Transcribing agency ALUPE UNIVERSITY
050 00 - LIBRARY OF CONGRESS CALL NUMBER
Classification number R726.5
Item number .H43 1982
245 00 - TITLE STATEMENT
Title Health and behavior :
Remainder of title frontiers of research in the biobehavioral sciences /
Statement of responsibility, etc. edited by David A. Hamburg, Glen R. Elliott, and Delores L. Parron.
260 ## - PUBLICATION, DISTRIBUTION, ETC.
Place of publication, distribution, etc. Washington, D.C. :
Name of publisher, distributor, etc. National Academy Press,
Date of publication, distribution, etc. c1982.
300 ## - PHYSICAL DESCRIPTION
Extent xiii, 359 p. :
Other physical details ill. ;
Dimensions 23 cm.
440 #0 - SERIES STATEMENT/ADDED ENTRY--TITLE
Title IOM publication ;
Volume/sequential designation 82-010
504 ## - BIBLIOGRAPHY, ETC. NOTE
Bibliography, etc. note Includes bibliographies and index.
650 #0 - SUBJECT ADDED ENTRY--TOPICAL TERM
Topical term or geographic name entry element Medicine and psychology.
650 #0 - SUBJECT ADDED ENTRY--TOPICAL TERM
Topical term or geographic name entry element Social medicine.
700 1# - ADDED ENTRY--PERSONAL NAME
Personal name Hamburg, David A.,
Dates associated with a name 1925-2019.
700 1# - ADDED ENTRY--PERSONAL NAME
Personal name Elliott, Glen R.
700 1# - ADDED ENTRY--PERSONAL NAME
Personal name Parron, Delores L.
906 ## - LOCAL DATA ELEMENT F, LDF (RLIN)
a 7
b cbc
c orignew
d 2
e opcn
f 19
g y-gencatlg
942 ## - ADDED ENTRY ELEMENTS (KOHA)
Source of classification or shelving scheme
Koha item type Book
Holdings
Withdrawn status Lost status Source of classification or shelving scheme Damaged status Not for loan Permanent Location Current Location Shelving location Date acquired Source of acquisition Total Checkouts Full call number Barcode Date last seen Price effective from Koha item type Public note
          AU LIBRARY AU LIBRARY Open Shelf 31.03.2022 DONATION FROM MOI UNIVERSITY   R726.5 .H43 1982 28011841 31.03.2022 31.03.2022 Book WO

Powered by Koha